000 00327nam a22001337a 4500
008 170616b xxu||||| |||| 00| 0 eng d
020 _a2900495503254
041 _aeng
080 _a32
100 _a20
101 _aSHP
245 _aAMERICAN GOVERNMENT AND POLITICS TODAY THE ESSENTIAL
_cBARDES.SCH
942 _2udc
_cBK
999 _c17981
_d17981